Haziran 2015 veri merkezi işletmeciliği raporu (Record no. 6728)
[ view plain ]
| 000 -BAŞLIK | |
|---|---|
| Sabit Uzunlukta Kontrol Alanı | 00775na a2200241 4500 |
| 001 - KONTROL NUMARASI | |
| Denetim Alanı | 16459 |
| 003 - KONTROL NUMARASI IDENTIFIER | |
| Denetim Alanı | MIRAKIL |
| 005 - SON İŞLEM TARİHİ VE ZAMANI | |
| Denetim Alanı | 20181213155116.0 |
| 008 - SABİT-BOY VERİ ELEMANLARI - GENEL BİLGİLER | |
| Sabit Uzunlukta Kontrol Alanı | 161007b tu 000 0 |
| 035 ## - SİSTEM KONTROL NUMARASI | |
| Sistem Kontrol Numarası | 16459 |
| 040 ## - KATALOGLAMA KAYNAK | |
| Orijinal Kataloglama Ajansı | Milas |
| Kataloglama Dili | tur |
| Metne Dönüştürmek Ajansı | TR-AnCHP |
| 041 ## - DİL KODU | |
| Metin / Ses Parça Veya Ayrı Başlığın Dil Kodu | tur |
| 082 ## - DEWEY ONLU SINIFLANDIRMA NUMARASI | |
| Sınıflandırma Numarası | 384.606 |
| Ürün Numarası | T34h 2015 |
| 090 ## - SINIFLAMA NUMARASI | |
| Sınıflama Numarası | 384.606 T34h 2015 |
| 110 ## - ANA GİRİŞ - KURUMSAL ADI | |
| Giriş Elemanı Olarak Kurumsal Ad Veya Yargı Alanı Adı | Serbest Telekomünikasyon İşletmeciliği Derneği (TELKODER) |
| 245 ## - BAŞLIK TABLOSU | |
| Başlık | Haziran 2015 veri merkezi işletmeciliği raporu |
| Sorumluluk Tablosu, Vb | Serbest Telekomünikasyon İşletmeciliği Derneği |
| 246 ## - UNVAN FORM VARYING | |
| Başlık Doğru / Kısa Başlığı | Veri merkezi işletmeciliği raporu |
| 260 ## - YAYIN, DAĞITIM, VB | |
| Yayın, Dağıtım, Vb Yeri | Ankara |
| Yayıncı, Dağıtıcı, Vs Adı | TELKODER |
| Yayın, Dağıtım, Vb Tarihi | 2015 |
| 300 ## - FİZİKSEL TANIM | |
| Kapsam | 37 s. |
| Diğer Fiziksel Ayrıntıları | fotğ.; grf. |
| Boyutlar | 28 sm. |
| 650 ## - KONU KATMA GİRİŞ - TOPİKAL DÖNEM | |
| Topikal Süreli Veya Coğrafi Ad Giriş Elemanı | Telekomünikasyon |
| Genel Alt Bölümü | İşletmeler |
| Kronolojik Alt Bölümü | Raporlar |
| 650 ## - KONU KATMA GİRİŞ - TOPİKAL DÖNEM | |
| Topikal Süreli Veya Coğrafi Ad Giriş Elemanı | İletişim |
| Genel Alt Bölümü | Teknoloji |
| 942 ## - EKLENDİ GİRİŞ ELEMANLARI (KOHA) | |
| Sınıflandırma Veya Raf Düzeni Kaynak | Dewey Decimal Classification |
| Koha Öğesi Türü | Books |
| 999 ## - SİSTEM KONTROL NUMARALARI (KOHA) | |
| Koha Biblionumber | 6728 |
| Koha Biblioitemnumber | 6728 |
| Kalıcı Konum | Mevcut Konum | Edinme Tarihi | Edinim Kaynak | Toplam Check-Out'Lar | Tam Çağrı Numarası | Barkod | Tarih Son Görülme | İtibaren Geçerli Fiyatlar | Koha Öğesi Türü |
|---|---|---|---|---|---|---|---|---|---|
| CHP Kütüphanesi | CHP Kütüphanesi | 10/07/2016 | Bağış | 384.606 T34h 2015 | 005691 | 10/07/2016 | 10/07/2016 | Books |
